LEGO Legends of Chima: Minifigures by Picture - Statistics

General Stats
  • This quiz has been taken 7 times
  • The average score is 50 of 72
Answer Stats
Picture Answer % Correct
Cragger
100%
Crominus
100%
Eris
100%
Flinx
100%
Fluminox
100%
Gorzan
100%
Lagravis
100%
Laval
100%
Lavertus | ShadoWind
100%
Lennox
100%
Leonidas
100%
Li'ella
100%
Mungus
100%
Scorm
100%
Sir Fangar
100%
Stealthor
100%
Crooler
80%
Crug
80%
Equila
80%
Frax
80%
Icebite
80%
Lundor
80%
Mottrot
80%
Razar
80%
Rinona
80%
Rogon
80%
Spinlyn
80%
Tormak | Panthar
80%
Vardy
80%
Wakz
80%
Worriz
80%
Braptor
60%
Breezor
60%
Bulkar
60%
Crawley
60%
Crokenburg
60%
Eglor
60%
Ewald
60%
Ewar
60%
Firox
60%
Foltrax
60%
Furty
60%
Grizzam
60%
Grumlo
60%
Iceklaw
60%
Icepaw
60%
Longtooth
60%
Maula
60%
Rawzom
60%
Razcal
60%
Rizzo
60%
Sibress
60%
Skinnet
60%
Sparratus
60%
Strainor
60%
Sykor
60%
Tazar
60%
Trakkar
60%
VoomVoom
60%
Vultrix
60%
Wilhurt
60%
Windra
60%
Winzar
60%
Blista
40%
G'Loona
40%
Icerlot
40%
Scolder
40%
Scutter
40%
Sparacon
40%
Vornon
40%
Saraw
20%
Sirox
20%
No matching quizzes found
Score Distribution
Percent of People with Each Score
Percentile by Number Answered
Your Score History
You have not taken this quiz